[Event "FRA-chT U20 Top"]
[Site "Bischwiller"]
[Date "2016.05.15"]
[Round "2"]
[White "Strohl, Gregoire"]
[Black "Mohammad, Fahim"]
[Result "0-1"]
[WhiteElo "1876"]
[BlackElo "2276"]
[PlyCount "72"]
[EventDate "2016.05.14"]
[EventType "tourn"]
[EventRounds "11"]
[EventCountry "FRA"]
[SourceTitle "EXT 2019"]
[Source "ChessBase"]
[SourceDate "2018.10.10"]
[SourceVersion "1"]
[SourceVersionDate "2018.10.10"]
[SourceQuality "1"]

1. e4 c5 2. Nf3 e6 3. d4 cxd4 4. Nxd4 Nf6 5. Nc3 Nc6 6. Be3 Bb4 7. f3 d5 8. exd5 Nxd5 9. Nxc6 bxc6 10. Bd2 Qb6 11. Nxd5 cxd5 12. c3 Bc5 13. Qb3 Bf2+ 14. Kd1 Qc7 15. Bb5+ Bd7 16. Bxd7+ Qxd7 17. Ke2 Bc5 18. Be3 Bxe3 19. Kxe3 0-0 20. Rhd1 Qc7 21. g3 Rab8 22. Qc2 Qb6+ 23. Ke2 Qxb2 24. Qxb2 Rxb2+ 25. Rd2 Rfb8 26. Rad1 Kf8 27. Ke3 Ke7 28. h4 a5 29. c4 Rxd2 30. Rxd2 dxc4 31. Rc2 Rc8 32. Kd4 Kd6 33. Rxc4 Rxc4+ 34. Kxc4 Kc6 35. g4 e5 36. h5 f6 0-1

[Event "Avoine op 30th"]
[Site "Avoine"]
[Date "2015.07.20"]
[Round "3"]
[White "Burille, Matthieu"]
[Black "Strohl, Gregoire"]
[Result "0-1"]
[WhiteElo "2154"]
[BlackElo "1780"]
[PlyCount "68"]
[EventDate "2015.07.18"]
[EventType "swiss"]
[EventRounds "9"]
[EventCountry "FRA"]
[SourceTitle "EXT 2016"]
[Source "ChessBase"]
[SourceDate "2015.10.08"]
[SourceVersion "1"]
[SourceVersionDate "2015.10.08"]
[SourceQuality "1"]

1. e4 c5 2. Nf3 e6 3. d3 Nc6 4. g3 d6 5. Bg2 Nf6 6. 0-0 Be7 7. c3 0-0 8. Re1 d5 9. e5 Nd7 10. c4 Nb6 11. Qe2 Qc7 12. Nc3 dxc4 13. Nb5 Qb8 14. dxc4 a6 15. Na3 Rd8 16. b4 Nxb4 17. Bg5 Bxg5 18. Nxg5 h6 19. Rad1 Bd7 20. Nf3 Qc7 21. Nb1 Nc6 22. Nc3 Ne7 23. Ne4 Bc6 24. Qe3 Rxd1 25. Rxd1 Nf5 26. Qd3 Nd7 27. g4 Ne7 28. Nd6 Ng6 29. Qe3 Rd8 30. g5 hxg5 31. Nxg5 Ndxe5 32. Bxc6 Qxc6 33. Nge4 Nh4 34. Qxc5 Qxe4 0-1

[Event "FRA-chT U16"]
[Site "Dieppe"]
[Date "2015.05.24"]
[Round "2.4"]
[White "Strohl, Gregoire"]
[Black "Vlachos, Anatole"]
[Result "0-1"]
[WhiteElo "1770"]
[BlackElo "1971"]
[PlyCount "67"]
[EventDate "2015.05.??"]
[EventType "team-tourn"]
[EventRounds "6"]
[EventCountry "FRA"]
[SourceTitle "EXT 2016"]
[Source "ChessBase"]
[SourceDate "2015.10.08"]
[SourceVersion "1"]
[SourceVersionDate "2015.10.08"]
[SourceQuality "1"]

1. e4 c5 2. Nf3 d6 3. d4 cxd4 4. Nxd4 Nf6 5. Nc3 a6 6. f3 e5 7. Nb3 Be6 8. Be3 Nbd7 9. Qd2 Be7 10. 0-0-0 b5 11. g4 Nb6 12. Qf2 Nc4 13. Bxc4 bxc4 14. Nd2 Rb8 15. Qe2 Qa5 16. Nxc4 Qb4 17. Nd5 Bxd5 18. exd5 Qb5 19. Qd3 0-0 20. h4 Nd7 21. g5 Nc5 22. Bxc5 Qxc5 23. Rhg1 a5 24. Ne3 Rfc8 25. c3 a4 26. a3 g6 27. Ng4 Rb3 28. f4 Rcb8 29. Rg2 Rxa3 30. bxa3 Qxa3+ 31. Kd2 Qa2+ 32. Ke1 Qxg2 33. Nh6+ Kg7 34. f5 0-1

[Event "FRA-chT U20 16 GP Basse 1213"]
[Site "France"]
[Date "2013.05.19"]
[Round "9"]
[White "Strohl, Gregoire"]
[Black "Vlachos, Anatole"]
[Result "0-1"]
[WhiteElo "1682"]
[BlackElo "1795"]
[PlyCount "82"]
[EventDate "2012.12.01"]
[EventType "team"]
[EventRounds "11"]
[EventCountry "FRA"]
[SourceTitle "EXT 2014"]
[Source "ChessBase"]
[SourceDate "2013.11.20"]
[SourceVersion "1"]
[SourceVersionDate "2013.11.20"]
[SourceQuality "1"]
[WhiteTeam "Sainte Foy (U20)"]
[BlackTeam "Lutece (U20)"]
[WhiteTeamCountry "FRA"]
[BlackTeamCountry "FRA"]

1. e4 c5 2. Nf3 d6 3. d4 cxd4 4. Nxd4 Nf6 5. Nc3 a6 6. f3 e5 7. Nb3 Be6 8. Be3 Be7 9. Qd2 Nbd7 10. g4 0-0 11. Rg1 b5 12. 0-0-0 b4 13. Nd5 Bxd5 14. exd5 a5 15. g5 Ne8 16. Kb1 Qc7 17. h4 Qb7 18. h5 g6 19. Rh1 Kg7 20. Qh2 Rh8 21. hxg6 fxg6 22. Bd3 Nf8 23. f4 exf4 24. Bd4+ Kg8 25. Bxh8 Kxh8 26. Bxg6 Bxg5 27. Bxe8 Rxe8 28. Qh5 Qe7 29. Nd4 Bf6 30. Nf5 Qe5 31. Rd4 a4 32. Qg4 Ng6 33. a3 b3 34. c3 Qe2 35. Qh3 Nf8 36. Rdd1 Qc2+ 37. Ka1 Re2 38. Rb1 Bxc3 39. Qxc3+ Qxc3 40. Nxd6 Qc5 41. Nf5 Qxa3+ 0-1

[Event "FRA-chT U20 GpA 1213"]
[Site "France"]
[Date "2013.01.04"]
[Round "4"]
[White "Strohl, Gregoire"]
[Black "Bellahcene, Meriem"]
[Result "1-0"]
[WhiteElo "1682"]
[BlackElo "1495"]
[PlyCount "79"]
[EventDate "2012.12.01"]
[EventType "team"]
[EventRounds "7"]
[EventCountry "FRA"]
[SourceTitle "EXT 2014"]
[Source "ChessBase"]
[SourceDate "2013.11.20"]
[SourceVersion "1"]
[SourceVersionDate "2013.11.20"]
[SourceQuality "1"]
[WhiteTeam "Sainte Foy (U20)"]
[BlackTeam "Bischwiller (U20)"]
[WhiteTeamCountry "FRA"]
[BlackTeamCountry "FRA"]

1. e4 e5 2. Nf3 Nc6 3. d4 exd4 4. Bc4 Be7 5. 0-0 d6 6. Nxd4 Ne5 7. Bb3 Nf6 8. Nc3 0-0 9. f4 Ng6 10. Nf5 Nxe4 11. Nh6+ gxh6 12. Nxe4 Bf5 13. Ng3 Qd7 14. Qd5 Nh4 15. Nxf5 Qxf5 16. Qxb7 Qc5+ 17. Kh1 Bf6 18. Qa6 Qh5 19. Qd3 Qg6 20. Qe2 Rae8 21. Qf2 Nf5 22. c3 Bh4 23. Qf3 Ng7 24. f5 Qxf5 25. Qxf5 Nxf5 26. g3 Nxg3+ 27. hxg3 Bxg3 28. Bxh6 Re2 29. Bxf8 Kxf8 30. Rxf7+ Ke8 31. Rxh7 Kd8 32. Rg1 Re1 33. Rxe1 Bxe1 34. Ba4 Kc8 35. Bc6 Bxc3 36. bxc3 Kd8 37. Kg2 a5 38. a4 d5 39. Kf3 d4 40. cxd4 1-0

[Event "FRA-chT U20 GpA 1213"]
[Site "France"]
[Date "2012.12.01"]
[Round "1"]
[White "Lomandong, Noela Joyce"]
[Black "Strohl, Gregoire"]
[Result "0-1"]
[WhiteElo "1510"]
[BlackElo "1682"]
[PlyCount "91"]
[EventDate "2012.12.01"]
[EventType "team"]
[EventRounds "7"]
[EventCountry "FRA"]
[SourceTitle "EXT 2014"]
[Source "ChessBase"]
[SourceDate "2013.11.20"]
[SourceVersion "1"]
[SourceVersionDate "2013.11.20"]
[SourceQuality "1"]
[WhiteTeam "Monaco (U20)"]
[BlackTeam "Sainte Foy (U20)"]
[WhiteTeamCountry "FRA"]
[BlackTeamCountry "FRA"]

1. e4 c5 2. Nc3 e6 3. f4 a6 4. Nf3 Nc6 5. d3 d5 6. Be2 Be7 7. 0-0 b5 8. Qe1 Bb7 9. exd5 exd5 10. Qg3 Bf6 11. Nd1 Nge7 12. Ne3 0-0 13. Ng4 Nf5 14. Nxf6+ Qxf6 15. Qf2 Ncd4 16. c3 Nxf3+ 17. Bxf3 Qe7 18. Re1 Qc7 19. Re5 Nh6 20. h3 Rad8 21. d4 f6 22. Re2 cxd4 23. Qxd4 Nf5 24. Qd3 Ng3 25. Bxd5+ Rxd5 26. Qxg3 Rd1+ 27. Re1 Rfd8 28. Be3 Rxa1 29. Rxa1 Rd3 30. Qf2 Qc6 31. Bd4 b4 32. Re1 bxc3 33. Bxc3 Rxh3 34. Re2 Rd3 35. Rd2 Rxd2 36. Qxd2 Qe4 37. a3 h5 38. Kf1 h4 39. Qf2 Qd3+ 40. Kg1 h3 41. gxh3 Qxh3 42. Qh2 Qg4+ 43. Kf1 Qd1+ 44. Be1 Be4 45. Qd2 Qf3+ 46. Qf2 0-1